• 首页
  • 本馆介绍
  • 公告通知
  • 最新文献
  • 馆藏检索
  • 电子资源
  • 读者导购
  • 参考咨询
  • 我的图书馆
  • 登录
  • 详细信息显示
  • 放入我的书架
  • 预约/预借图书
  • 作者相关作品
  • 分类相关作品
  • 丛书相关作品
  • 出版社相关作品

书目信息

  • 表格格式
  • 工作单格式
  • 卡片格式
题名:
地产数智化经营
    
 
作者: 姜皓天 主编 ;爱德地产研究院 编著
分册:  
出版信息: 北京   中信出版集团股份有限公司  2020
页数: 18,404页
开本: 23cm
丛书名:
单 册:
中图分类: F293.34-39 , F293.3
科图分类:
主题词: 房地产企业--企业经营管理--决策支持系统--研究
电子资源:
ISBN: 978-7-5217-2584-1
000 01014nam0 2200253 450
001 2130845349
005 20211117083413.06
010    @a978-7-5217-2584-1@dCNY98.00
100    @a20210129d2020 em y0chiy50 ea
101 0  @achi
102    @aCN@b110000
105    @ay z 000yy
200 1  @a地产数智化经营@9di chan shu zhi hua jing ying@f爱德地产研究院编著
210    @a北京@c中信出版集团股份有限公司@d2020
215    @a18,404页@d23cm
314    @a主编:姜皓天
330    @a本书分析了预见性4P体系产生的行业周期特点,阐述了4P的具体内容、理念、逻辑和应用场景,总结了行业经典案例的打法和特点,重点呈现了该体系的构建步骤、数据资源、平台保障和实施准备,最后还提供了重点城市行业环境的数据分析、前10强房企经营与运营的数据指标分析。
606 0  @a房地产企业@x企业经营管理@x决策支持系统@x研究
690    @aF293.34-39@v5
690    @aF293.3@v4
701  0 @a姜皓天@9jiang hao tian@4主编
712 02 @a爱德地产研究院@9ai de di chan yan jiu yuan@4编著
801  0 @aCN@b山东中教@c20211112
905    @aZUCC@dF293.3@e14
    
    地产数智化经营/爱德地产研究院编著.-北京:中信出版集团股份有限公司,2020
    18,404页;23cm
    
    
    ISBN 978-7-5217-2584-1:CNY98.00
    本书分析了预见性4P体系产生的行业周期特点,阐述了4P的具体内容、理念、逻辑和应用场景,总结了行业经典案例的打法和特点,重点呈现了该体系的构建步骤、数据资源、平台保障和实施准备,最后还提供了重点城市行业环境的数据分析、前10强房企经营与运营的数据指标分析。
●
相关链接 在五车中查询图书 在当当中查询图书 在豆瓣中查询图书


正题名:地产数智化经营     索取号:F293.3/14         预约/预借

序号 登录号 条形码 馆藏地/架位号 状态 备注
1 2000889954   2000889954   第三书库/ [索取号:F293.3/14] 在馆    
2 2000889955   2000889955   第三书库/ [索取号:F293.3/14] 在馆    
3 2000889956   2000889956   第三书库/ [索取号:F293.3/14] 在馆    
山东省滨州职业学院图书馆 欢迎您!
大连网信软件有限公司© 版权所有